| 000 | 01595cam a2200493 i 4500 | ||
|---|---|---|---|
| 005 | 20171212141642.0 | ||
| 008 | 050708s2005 pl f |001 0 pol c | ||
| 020 | _a8372794731 | ||
| 035 | _azz2005971554 | ||
| 039 | 9 |
_a201606091203 _bkopilwa _c201605231500 _dszczu _c201506021307 _dkopwsztar _c201311281507 _dkopuepozn _y200507081155 _zvbuw |
|
| 040 |
_aWA U/JEK _cWA U/JEK _dWA U/EBA _dKR U/sid _dKR 93/KKs |
||
| 041 | 1 |
_apol _heng |
|
| 100 | 1 | _aStrebe, Matthew. | |
| 245 | 1 | 0 |
_aPodstawy bezpieczeństwa sieci / _cMatthew Strebe ; przekł. z jęz. ang.: Maciej Baranowski. |
| 246 | 1 | 4 | _aBezpieczeństwo sieci |
| 246 | 1 |
_iTyt. oryg.: _aNetwork security foundations |
|
| 260 |
_aWarszawa : _bMikom, _c2005. |
||
| 300 |
_a406 s. ; _c24 cm. |
||
| 490 | 1 | _aPodstawy | |
| 504 | _aIndeks. | ||
| 650 |
_aSieci komputerowe _xśrodki zabezpieczające _vporadniki. |
||
| 700 | 1 |
_aBaranowski, Maciej _c(tłumacz). _eTł. |
|
| 830 | 0 | _aPodstawy - Mikom | |
| 920 | _a83-7279-473-1 | ||
| 951 | _aKIEL_008 KIEL_010 | ||
| 953 | _aKR_93 | ||
| 958 | _aLUBL_58 | ||
| 960 | _aGD_U | ||
| 961 | _aWA_310 WA_72 WA_M | ||
| 962 | _aKR_U | ||
| 966 | _aPOZN_004 POZN_31 POZN_U | ||
| 970 | _aWA_U | ||
| 971 | _aL_30 L_U | ||
| 972 | _aWR_U | ||
| 973 | _aDGORN_006 GL_001 KAT_U | ||
| 974 | _aWR_16 | ||
| 977 | _aKR_306 | ||
| 978 | _aOLSZT_003 | ||
| 979 | _aBSTOK_U | ||
| 980 | _aSZCZ_U SZCZ_ZUT | ||
| 982 | _aBYDG_22 BYDG_24 | ||
| 999 |
_aVIRTUA40 _c17248 _d17248 |
||
| 999 | _aVTLSSORT0080*0200*0350*0400*0410*1000*2450*2460*2461*2600*3000*4900*5040*6500*7000*8300*9200*9530*9610*9620*9660*9700*9710*9730*9992 | ||